| 000 | 00411nam a22001577a 4500 | ||
|---|---|---|---|
| 003 | NUST - PNEC | ||
| 005 | 20170116181058.0 | ||
| 008 | 151002b xxu||||| |||| 00| 0 eng d | ||
| 040 | _cLIBRARY | ||
| 082 | _a621.902 ARM | ||
| 100 |
_912176 _aArmstrong, W.H. |
||
| 245 |
_aMachine tools for mental cutting _cArmstrong, W.H. |
||
| 260 | _c1957 | ||
| 650 |
_912174 _bMechanical engineering _xME |
||
| 942 |
_2ddc _cBK |
||
| 999 |
_c68638 _d68638 |
||